Микросхемы для современной импортной автоэлектроники

Մատենագիտական մանրամասներ
Այլ հեղինակներ: Перебаскин А. В. (редактор)
Լեզու:ռուսերեն
Հրապարակվել է: Москва, Додэка, 1998
Շարք:Энциклопедия ремонта Вып. 8
Խորագրեր:
Ձևաչափ: Գիրք
KOHA link:https://koha.lib.tpu.ru/cgi-bin/koha/opac-detail.pl?biblionumber=8314

MARC

LEADER 00000nam0a2200000 4500
001 8314
005 20231030181749.0
010 |a 5878350327 
035 |a (RuTPU)RU\TPU\book\8360 
035 |a BOOK00008419 
090 |a 8314 
100 |a 20011209d1998 km y0rusy50 ca 
101 0 |a rus 
102 |a RU 
105 |a y f 000zy 
200 1 |a Микросхемы для современной импортной автоэлектроники  |f под ред. А. В. Перебаскина 
210 |a Москва  |c Додэка  |d 1998 
215 |a 287 с. 
225 1 |a Энциклопедия ремонта  |v Вып. 8 
610 1 |a микросхемы 
610 1 |a электроника 
610 1 |a энциклопедии 
610 1 |a электронное оборудование 
675 |a 621.382.049.77(03)  |v 3 
702 1 |a Перебаскин  |b А. В.  |4 340 
801 0 |a RU  |b 63413507  |c 20011209  |g PSBO 
801 2 |a RU  |b 63413507  |c 20090625  |g PSBO 
942 |c BK